000
00291nam a2200109Ia 4500
008
230907s9999||||xx |||||||||||||| ||und||
082
_a
320.072
_b
MYC
100
_a
Mycoff, Jason D.,
_9
116007
245
0
_a
Working with political science research methods :
300
_a
pages cm
942
_c
BK
999
_c
600740
_d
600740